Solar energy and conservation : (Record no. 183560)
[ view plain ]
| 000 -LEADER | |
|---|---|
| fixed length control field | 01339 a2200217 4500 |
| 003 - CONTROL NUMBER IDENTIFIER | |
| control field | Nust |
| 005 - DATE AND TIME OF LATEST TRANSACTION | |
| control field | 20230808135609.0 |
| 010 ## - LIBRARY OF CONGRESS CONTROL NUMBER | |
| LC control number | 79019526 |
| 020 ## - INTERNATIONAL STANDARD BOOK NUMBER | |
| International Standard Book Number | 0080255515 |
| 040 ## - CATALOGING SOURCE | |
| Transcribing agency | Nust |
| 082 00 - DEWEY DECIMAL CLASSIFICATION NUMBER | |
| Classification number | 621.47,SOL |
| 245 10 - TITLE STATEMENT | |
| Title | Solar energy and conservation : |
| Remainder of title | technology, commercialization, utilization : proceedings of the Solar Energy and Conservation Symposium, 11-13 December 1978, Miami Beach, Florida / |
| Statement of responsibility, etc. | edited by T. Nejat Veziroglu. |
| 250 ## - EDITION STATEMENT | |
| Edition statement | Vol 1-2 |
| 260 ## - PUBLICATION, DISTRIBUTION, ETC. | |
| Place of publication, distribution, etc. | New York : |
| Name of publisher, distributor, etc. | Pergamon Press, |
| Date of publication, distribution, etc. | c1980. |
| 300 ## - PHYSICAL DESCRIPTION | |
| Extent | 982 p |
| Other physical details | ill. ; |
| Dimensions | 25 cm. |
| 505 ## - FORMATTED CONTENTS NOTE | |
| Formatted contents note | Solar Radiation (Page-1), Flat Plate Collectors (Page-32), Concentrating Collectors (Page-113), Storage and transmission (Page-173), Water Heating (Page-301), Heating and Cooling (Page-315), Architectural aspects (Page-477), Drying and distillation (Page-530), Power generation (Page-595), Ocean thermal energy (Page-786), Wind energy (Page-853), Conservation technology (Page-884), Regional programs (Page-983), Commercialization (Page-1058), Standards and specifications (Page-1191), Technology transfer (Page-1234), Policy,incentives and barriers (Page-1268), Economics (Page-1347). |
| 650 #0 - SUBJECT ADDED ENTRY--TOPICAL TERM | |
| Topical term or geographic name entry element | Energy conservation |
| General subdivision | Congresses. |
| 9 (RLIN) | 110529 |
| 650 #0 - SUBJECT ADDED ENTRY--TOPICAL TERM | |
| Topical term or geographic name entry element | Solar energy |
| General subdivision | Congresses. |
| 9 (RLIN) | 110530 |
| 700 1# - ADDED ENTRY--PERSONAL NAME | |
| Personal name | Veziroglu, T. Nejat. |
| 9 (RLIN) | 110531 |
| 942 ## - ADDED ENTRY ELEMENTS (KOHA) | |
| Source of classification or shelving scheme | |
| Koha item type | Book |
| Call number prefix | 621.47,SOL |
| Withdrawn status | Lost status | Source of classification or shelving scheme | Damaged status | Not for loan | Permanent Location | Current Location | Shelving location | Date acquired | Full call number | Barcode | Date last seen | Price effective from | Koha item type | Public note |
|---|---|---|---|---|---|---|---|---|---|---|---|---|---|---|
| Military College of Signals (MCS) | Military College of Signals (MCS) | General Stacks | 12/12/2016 | 621.47,SOL | MCS21242 | 12/08/2016 | 12/12/2016 | Book | Almirah No.74, Shelf No.6 | |||||
| Military College of Signals (MCS) | Military College of Signals (MCS) | General Stacks | 12/12/2016 | 621.47,SOL | MCS21297 | 12/08/2016 | 12/12/2016 | Book | Almirah No.84, Shelf No.5 | |||||
| Military College of Signals (MCS) | Military College of Signals (MCS) | General Stacks | 12/12/2016 | 621.47,SOL | MCS21367 | 12/08/2016 | 12/12/2016 | Book | Almirah No.74, Shelf No.6 | |||||
| Military College of Signals (MCS) | Military College of Signals (MCS) | General Stacks | 12/12/2016 | 621.47,SOL | MCS22257 | 12/08/2016 | 12/12/2016 | Book | Almirah No.84, Shelf No.5 |
